| 000 | 00409nam a22001217a 4500 | ||
|---|---|---|---|
| 999 |
_c15195 _d15195 |
||
| 008 | 200305b ||||| |||| 00| 0 eng d | ||
| 100 |
_941964 _aRomero, Alexis. |
||
| 245 |
_aPalace: China vessels near Phl isles an assault on sovereignty/ _cAlexis Romero. |
||
| 260 |
_aPhilippines; _bThe Philippine Star, _c©2019. |
||
| 300 |
_apage 2; _c29.5cm. |
||
| 650 |
_aInternational relations. _941965 |
||
| 942 |
_2ddc _cPER |
||